000
00344pab a2200157 454500
008
180718b2008 xxu||||| |||| 00| 0 eng d
100
_a
Saxena, K.B.
245
_a
Globalization unravelled
260
_c
2008
300
_a
p.319-26.
362
_a
Jun
650
_a
Globalization
773
_a
Social Change
908
_a
N
909
_a
79088
999
_c
79088
_d
79088